La reforma politica en México
Gespeichert in:
| Format: | Text |
|---|---|
| Schlagworte: | |
| Tags: |
Tag hinzufügen
Keine Tags, Fügen Sie den ersten Tag hinzu!
|
MARC
| LEADER | 00000 a a2200000 04500 | ||
|---|---|---|---|
| 001 | 42235 | ||
| 003 | |||
| 040 | |||
| 245 | |a La reforma politica en México | ||
| 650 | |a REFORMA POLITICA | ||
| 650 | |a MEXICO | ||
| 650 | |a MEJICO | ||
| 773 | |g número35 (1977) | ||
| 999 | |c 21081 |d 21081 | ||
| 773 | 0 | |0 42391 |9 3944 |a Agencia Latinoamericana de Información, ALAI |d Quito, Ecuador: ALAI |o 03978 |t ALAI: |x 08275564 (Servicio mensual de información y documentación) | |
